00827cam a2200289 a 450000100090000000300040000900500170001300800410003001000170007102000330008803500220012104000180014304300120016105000260017308200150019910000250021424500350023925000120027426000410028630000210032744000430034865000280039165000330041965100310045265500280048365500260051112786206OSt20150917164514.0020523s2002 meu 000 1 eng  a 2002107247 a0786243198 (hc : alk. paper) a(DLC) 2002107247 aDLCcDLCdDLC ae-uk-en00aPS3605.D38bK555 200200a813/.62211 aEddy, Pamela,d1956-10aKillable hours /cPamela Eddy. a1st ed. aWaterville, Me. :bFive Star,c2002. a311 p. ;c22 cm. 0aFive Star first edition mystery series 0aWomen lawyersvFiction. 0aAmericanszEnglandvFiction. 0aLondon (England)vFiction. 7aMystery fiction.2gsafd 7aLegal stories.2gsafd